Peregrinación de Alpha por las provincias del norte de la Nueva Granada en 1850 i 51 (Registro nro. 69568)
[ vista simple ]
| 000 -ENCABEZADO | |
|---|---|
| Número de control [NR] | 01690nam a22002777a 4500 |
| 005 - FECHA Y HORA DE LA ÚLTIMA TRANSACCIÓN | |
| control field | 20161026085951.0 |
| 008 - DE LONGITUD FIJA DE DATOS DE ELEMENTOS - INFORMACIÓN GENERAL | |
| Elementos de longitud fija [NR] | 130821s1853 ck a fr 0 spa d |
| 040 ## - FUENTE DE CATALOGACION [NR] | |
| Agencia de catalogación original [NR] | Co-BoUCM |
| Idioma de catalogación [NR] | spa |
| Quien Cataloga | Sandra Yazo |
| Quien Clasifica | Sandra Yazo |
| 041 0# - CODIGO DE IDIOMA [R] | |
| Código de idioma para texto/pista de sonido o título separado [R] | Español |
| 082 04 - NUMERO DE CLASIFICACION DECIMAL DEWEY [R] | |
| Número de clasificación [R] | 918.6 |
| Número de la edición [NR] | 20 |
| 092 ## - SIGNATURA TOPOGRAFICA LOCAL | |
| Número de clasificación local | E05N017 |
| 100 1# - ASIENTO PRINCIPAL--NOMBRE PERSONAL [NR] | |
| Nombre personal [NR] | Ancízar, Manuel |
| Fechas asociadas con el nombre [NR] | 1812-1882 |
| ID Autoridad | 71979 |
| 242 ## - TRADUCCION DEL TITULO POR LA AGENCIA CATALOGADORA [R] | |
| Título [NR] | Peregrinación de Alpha por las provincias del norte de la Nueva Granada en 1850 y 51 |
| Código de idioma del título traducido [NR] | spa |
| 245 10 - MENCION DE TITULO [NR] | |
| Título [NR] | Peregrinación de Alpha por las provincias del norte de la Nueva Granada en 1850 i 51 |
| Mención de responsabilidad, etc. [NR] | M. Ancízar |
| 260 ## - PUBLICACION, DISTRIBUCION, ETC. (PIE DE IMPRENTA) [R] | |
| Lugar de publicación, distribución, etc. [R] | Bogotá (Colombia) |
| Nombre del editor, distribuidor, etc. [R] | Imprenta de Echeverría hermanos |
| Fecha de publicación, distribución, etc. [R] | 1853 |
| 300 ## - DESCRIPCION FISICA [R] | |
| Extensión [R] | 524 páginas |
| Otros detalles físicos [NR] | retrato ; tablas |
| Dimensiones [R] | 17 x 12 cm. |
| 500 ## - NOTA GENERAL [R] | |
| Nota general [NR] | Detalles físicos: Encuadernación rígida (holandesa). Tapas en cartón forrado en papel, lomo de cuero con adornos en dorado. Guardas. Hojas de cortesías. Anteportada con firma de Liborio Zerda. Grabado del autor. Portada impresa en una sola tinta. Texto en una columna con varios tipos y tamaños de letra, algunas notas al pie de página. Tabla en pág. 77 y última. Papel muy manchado. Tapas con raspaduras, bordes deteriorados y residuos de cinta pegante |
| 506 ## - NOTA DE RESTRICCIONES DE ACCESO [R] | |
| Condiciones de acceso [NR] | Consulta en sala |
| 650 #7 - ASIENTO SECUNDARIO DE MATERIA - TERMINO TEMATICO [R] | |
| Término temático o nombre geográfico como elemento de entrada [NR] | Geografía de Colombia |
| 9 (RLIN) | 16341 |
| Subdivisión general [R] | Descripciones y viajes |
| 651 #4 - ASIENTO SECUNDARIO DE MATERIA - NOMBRE GEOGRAFICO [R] | |
| Nombre geográfico [NR] | Colombia |
| Subdivisión general [R] | Descripciones y viajes |
| 9 (RLIN) | 78436 |
| 651 #4 - ASIENTO SECUNDARIO DE MATERIA - NOMBRE GEOGRAFICO [R] | |
| Nombre geográfico [NR] | Colombia |
| Subdivisión general [R] | Historia |
| 9 (RLIN) | 26606 |
| Subdivisión cronológica [R] | 1850-1851 |
| 690 ## - ASUNTO AGREGADO LOCAL DE ENTRADA - TÉRMINO TEMÁTICO (OCLC, RLIN) | |
| Acceso temático local | Geografía de Colombia |
| 9 (RLIN) | 16341 |
| 856 41 - LOCALIZACION Y ACCESO ELECTRONICOS [R] | |
| Nota dirigida al público [R] | Disponible en línea |
| Identificador Uniforme del Recurso (“URI”) [R] | <a href="http://www.lablaa.org/blaavirtual/historia/perealpha/indice.htm">http://www.lablaa.org/blaavirtual/historia/perealpha/indice.htm</a> |
| 856 41 - LOCALIZACION Y ACCESO ELECTRONICOS [R] | |
| Nota dirigida al público [R] | Disponible en línea |
| Identificador Uniforme del Recurso (“URI”) [R] | <a href="http://books.google.com.co/books?id=jJ0-AAAAYAAJ&printsec=frontcover&source=gbs_atb">http://books.google.com.co/books?id=jJ0-AAAAYAAJ&printsec=frontcover&source=gbs_atb</a> |
| 942 ## - ELEMENTOS DE ENTRADA AGREGADOS (KOHA) | |
| Tipo de ítem principal el descrito en 300a | Libro |
| Tema principal | 2 |
| Edición | 1 |
| Sistema de clasificación | LOCAL |
| Clasificación | E05N017 |
| Suprimido | Perdido | Sistema de clasificación | Dañado | No prestable | Tipo de ítem específico | Ubicación habitual | Ubicación actual | Localización | Fecha de creación | Forma de adquisición | Costo | Total préstamos | Signatura topográfica | Código de barras | Última vez visto | Ejemplar | Price effective from | Tipo de ítem |
|---|---|---|---|---|---|---|---|---|---|---|---|---|---|---|---|---|---|---|
| LOCAL | Libro archivo | Archivo Histórico | Archivo Histórico | Archivo histórico | 28/02/2013 | Donación | 0.00 | E05N017 | L000782 | 15/12/2012 | Ej.1 | 03/02/2013 | Libro |